Australian Capital Territory Electorates - Statistics

General Stats
  • This quiz has been taken 33 times
  • The average score is 3 of 5
Answers on the Map
Answers color-coded by a green-red scale on the quiz's map according to % correct below.
 
Answer Stats
Answer % Correct
Kurrajong
81%
Brindabella
71%
Gininnderra
67%
Murrumbidgee
62%
Yerrabi
57%
No matching quizzes found
Score Distribution
Percent of People with Each Score
Percentile by Number Answered
Your Score History
You have not taken this quiz